Culture Générale - Série 2698 - Statistiques

Statistiques générales
  • Ce quiz a été pris 89 fois
  • Le résultat moyen est 5 sur 10
Statistiques - réponses
Question Réponse % Correct
Quel est le numéro du département du Finistère ? 29
81%
Quelle est la capitale du Liechtenstein ? Vaduz
80%
Dans quel pays se situe la ville de Syracuse ? Italie
69%
Complétez le titre de la chanson d'Etienne Daho "week-end à ....... Rome
65%
Quel est le plus petit os du corps humain ? étrier
64%
Quel fils de Zeus est le protecteur des marchands, des voyageurs et des voleurs ? Hermès
54%
Dans quel pays se trouve le parc national Los Alerces ? Argentine
52%
De quelle île le drapeau appelé triskèle est-il l'emblème ? voir photo Sicile
21%
Quel fruit est appelé aussi "pomme d'amour" ? tomate
12%
Quel est le nom d'une bouteille de Champagne de 12 litres ? balthazar
11%
Aucun quiz correspondant
Distribution des résultats
% des personnes avec chaque résultat
Percentile par nombre de réponses
Votre historique - résultats
Vous n’avez pas pris ce quiz